000 00846nam a2200277Ia 4500
003 OSt
005 20221005074426.0
006 a|||||r|||| 00| 0
007 ta
008 221004b |||||||| |||| 00| 0 eng d
020 _a0333 93112 2 (hbk)
024 _a121263
037 _bGift, 18/09/2012,
_cTextual
040 _aCRL
_cCRL
_beng
041 _2eng
_aeng
082 _aV2.N9<-N47, N8
100 _aKhanna D. D. Ed.
245 0 _aDemocracy diversity stability
_b 50 years of indian independence
260 _aNew Delhi
_bMacmillan India
_c1998
300 _ax, 390p.
_ccm.
650 _aHISTORY
700 _a Kueck Gert W. Ed.
700 _a Mehrotra L. L. Ed.
942 _hV2.N9<-N47, N8
_cTEXL
_2cc
999 _c982713
_d982713